000 00273nam a2200109Ia 4500
999 _c8567
_d8567
020 _a978-0130307545
100 _aAlbert Lulushi
245 0 _aOracle Forms Developer's Handbook Oracle Forms 6i
260 _aNew Jersey
_bWorld Scientific
_c2000
300 _a383
942 _cBK